000 01013nam a22002777a 4500
001 BR7802079
003 BR-BrBNA
005 20230928085551.0
007 ta
008 230509b bl.||||| |||| 00| 0 por d
040 _aBR-BrBNA
_bpor
_cBiblioteca Nacional de Agricultura
041 _a(Por)
072 _aK20; E15
090 _ K20 BR7802079
110 1 _aInstituto Brasileiro de Desenvolvimento Florestal, Rio de Janeiro, RJ (Brasil)
_95750
111 1 _aSeminario sobre Planejamento do Desenvolvimento Florestal e do Uso da Terra
_cRio de Janeiro, RJ (Brazil)
_d11 Oct 1977
245 1 _aSeminario sobre Planejamento do Desenvolvimento Florestal e do Uso da Terra - Desenvolvimento dos trabalhos [administracao florestal]
_bv. 3
260 3 _aRio de Janeiro, RJ (Brasil):
_c1977.
300 _avp.
650 _aADMINISTRACAO FLORESTAL
650 _aUSO DA TERRA
650 _aPLANEJAMENTO FLORESTAL
650 _aDESENVOLVIMENTO FLORESTAL
909 _a202309
_bLucia
_c55
_dLucia Elande
942 _cBK
999 _c25124
_d25124